| 000 | 01114nam a22002777a 4500 | ||
|---|---|---|---|
| 005 | 2010101908158.0 | ||
| 008 | 101019t xxu||||| |||| 00| 0 hin d | ||
| 010 | _aHIN-93900 | ||
| 020 |
_c250.00 _a9789350004692 |
||
| 035 | _aHN-66246 | ||
| 037 | _bDBAD / PUB | ||
| 040 |
_aDPL _bHN |
||
| 082 | _a821 | ||
| 100 |
_923632 _aइन्दौरी,राहत |
||
| 245 |
_aचाँद पागल है / _cराहत इन्दौरी |
||
| 246 |
_aChand pagal hai _bRahat indori |
||
| 260 |
_aनई दिल्ली _bवाणी प्रकाशन _c2010 |
||
| 270 |
_a4695, 21-ए, दरियागंज, _bनई दिल्ली _e110002 _k0091#11#23273167 _l23275710 _mvaniprakashan@gmail.com |
||
| 300 |
_a135पृ. _c22सेमी (सजिल्द) |
||
| 650 | _9657 | ||
| 650 | _934273 | ||
| 700 | _934278 | ||
| 700 | _934291 | ||
| 942 |
_2ddc _cHN _h181.499 _mइन्दौरी _k821 |
||
| 999 |
_c56311 _d56311 |
||